Click Quiz : Surnoms des Rois de France - Statistiques

Statistiques générales
  • Ce quiz a été pris 108 fois
  • Le résultat moyen est 11 sur 20
Statistiques - réponses
Hint Réponse % Correct
Louis XIV Le Roi-Soleil
100%
Louis IX Saint-Louis
80%
Jean Ier Le Posthume
68%
Louis XV Le Bien-aimé
64%
François Ier Le Restaurateur des Lettres
62%
Jean II Le Bon
61%
Charles VI Le Fol
59%
Philippe II Auguste
51%
Philippe III Le Hardi
50%
Charles II Le Chauve
49%
Louis XII Le Père du Peuple
49%
Charles VII Le Victorieux
45%
Philippe V Le Long
43%
Charles III Le Simple
43%
Louis II Le Bègue
42%
Louis XI Le Prudent
41%
Charles IV Le Bel
39%
Henri II Le Roi Gentilhomme
37%
Louis VII Le Jeune
34%
Charles V Le Sage
34%
Aucun quiz correspondant
Distribution des résultats
% des personnes avec chaque résultat
Percentile par nombre de réponses
Votre historique - résultats
Vous n’avez pas pris ce quiz